| 000 | 00955cam a2200277 a 4500 | ||
|---|---|---|---|
| 001 | 15553240 | ||
| 005 | 20180216034127.0 | ||
| 008 | 081211s2009 mdua b 001 0 eng | ||
| 010 | _a 2008052642 | ||
| 020 | _a9780742566576 (pbk. : alk. paper) | ||
| 020 | _a0742566579 (pbk. : alk. paper) | ||
| 020 | _a9780742566583 (electronic) | ||
| 020 | _a0742566587 (electronic) | ||
| 035 | _a(OCoLC)ocn283802777 | ||
| 040 |
_aDLC _cDLC _dYDXCP _dBTCTA _dYDX _dC#P _dCDX _dBWX _dDLC |
||
| 041 | _aeng | ||
| 080 | _a327 ann | ||
| 082 | 0 | 0 |
_a327 ann _222 |
| 100 | 1 | _a22 | |
| 101 | _apol | ||
| 245 | 1 | 0 |
_aGlobal politics as if people mattered / _cMary Ann Tétreault and Ronnie D. Lipschutz. |
| 504 | _aIncludes bibliographical references (p. 207-248) and index. | ||
| 906 |
_a7 _bcbc _corignew _d1 _eecip _f20 _gy-gencatlg |
||
| 942 |
_2ddc _cBK |
||
| 999 |
_c42735 _d42735 |
||